00348nam a2200133Ia 4500008004100000020001500041041001200056082001600068100001700084245006200101260002800163300000800191650001500199221030s9999 xx 000 0 und d a8174462139 aEnglish a105.23bRao aV. S. P. Rao 0aHuman Resource Management - Text & Casescby V. S. P. Rao bExcel BooksaIndiac637 a637 aManagement